Pokémon Trivia - Psychic Type - Statistics

General Stats
  • This quiz has been taken 16 times
  • The average score is 7 of 10
Answer Stats
Question Answer % Correct
What types are super effective against the Psychic Type? Dark, Ghost, and Bug
100%
Inkay has an interesting way of evolving into a Malamar. What is this method of evolution? Holding the game system upside down at level 30
100%
What is the Psychic type super effective against? Poison and Fighting
100%
Which of these held items powers up Psychic moves? Twisted Spoon
100%
When Psychic Terrain is active, it boosts psychic type moves damage. What other effects are in play? Protects all Pokémon from priority
75%
Which of the following are true about the Psychic Type? All of the above
50%
Which generation introduced the least amount of Psychic Pokémon? Gen 6
50%
Forewarn is an ability that only Psychic type Pokémon have. What does it do? It warns the user of the foe's highest power move
50%
What is the strongest Psychic move with a set base power? (Non-Z move) Prismatic Laser
50%
Psychic has two most common pairings with the same amount. What types are Psychic most commonly paired with? Fairy and Flying
25%
No matching quizzes found
Score Distribution
Percent of People with Each Score
Percentile by Number Answered
Your Score History
You have not taken this quiz